[Event "XXIII Open Eporediese"]
[Site "Ivrea ITA"]
[Date "2006.01.26"]
[Round "2"]
[White "Bruno, Fabrizio P."]
[Black "Ranieri, Fabrizio"]
[Result "0-1"]
[WhiteElo "1892"]
[BlackElo "2248"]
[PlyCount "76"]
[EventDate "2006.01.19"]

1.e4 e6 2.d4 d5 3.e5 c5 4.c3 Qb6 5.Nf3 Bd7 6.Bd3 Bb5 7.dxc5 Bxc5 8.O-O Nc6
9.b4 Bxd3 10.Qxd3 Be7 11.b5 Na5 12.Be3 Bc5 13.Nbd2 Ne7 14.Bxc5 Qxc5 15.Nb3
Qc4 16.Qxc4 Nxc4 17.Nfd4 Nxe5 18.f4 Nc4 19.Rae1 O-O 20.Nc5 b6 21.Nd7 Rfd8 
22.Ne5 Nxe5 23.Rxe5 Rac8 24.f5 Nxf5 25.Nxf5 exf5 26.Rfxf5 Rxc3 27.Rxd5 
Rxd5 28.Rxd5 g6 29.Rd2 Ra3 30.Kf2 Kf8 31.Re2 Ra5 32.Rb2 Ra3 33.Re2 Ra4 34.
Rb2 Ke7 35.Ke3 h5 36.Kd3 Kd6 37.Rc2 Rb4 38.Rc6+ Kd7 0-1

[Event "XXIII Open Eporediese"]
[Site "Ivrea ITA"]
[Date "2006.02.09"]
[Round "3"]
[White "Giachino, Adriano"]
[Black "Cordoglio, Simone"]
[Result "1-0"]
[WhiteElo "1553"]
[BlackElo "1491"]
[PlyCount "29"]
[EventDate "2006.01.19"]

1.e4 c5 2.Nf3 Nc6 3.Bc4 g6 4.d4 cxd4 5.Nxd4 Bg7 6.Nf3 Nf6 7.Nc3 O-O 8.Bg5 
d6 9.Qd2 Bd7 10.h4 Nh5 11.Bh6 Rc8 12.Bxg7 Nxg7 13.h5 Na5 14.hxg6 Nxc4 15.
Qh6 1-0

[Event "XXIII Open Eporediese"]
[Site "Ivrea ITA"]
[Date "2006.02.09"]
[Round "3"]
[White "Ranieri, Fabrizio"]
[Black "Castaldo, Folco"]
[Result "1/2-1/2"]
[WhiteElo "2248"]
[BlackElo "2363"]
[PlyCount "30"]
[EventDate "2006.01.19"]

1.e4 e6 2.d4 d5 3.Nc3 Nf6 4.Bg5 Bb4 5.e5 h6 6.Bd2 Bxc3 7.bxc3 Ne4 8.Qg4 g6
9.Bd3 Nxd2 10.Kxd2 c5 11.h4 c4 12.Be2 Nd7 13.f4 Rg8 14.Nf3 Qe7 15.h5 f5 
1/2-1/2

[Event "XXIII Open Eporediese"]
[Site "Ivrea ITA"]
[Date "2006.02.18"]
[Round "4"]
[White "Tricerri, Pierino"]
[Black "Razzano, Lorenzo"]
[Result "0-1"]
[WhiteElo "1491"]
[BlackElo "1766"]
[PlyCount "50"]
[EventDate "2006.01.19"]

1.c4 e5 2.Nc3 g6 3.Nf3 Bg7 4.e3 d6 5.b4 Bg4 6.Qc2 Bxf3 7.gxf3 Nf6 8.b5 
Nbd7 9.Bb2 Nc5 10.Bg2 O-O 11.O-O-O c6 12.d4 exd4 13.exd4 Ne6 14.Kb1 cxb5 
15.Nxb5 a6 16.Nc3 Nf4 17.Bf1 b5 18.c5 N6d5 19.Ne4 dxc5 20.dxc5 Qa5 21.Bxg7
Kxg7 22.Qb2+ f6 23.Nd6 Nc3+ 24.Kc2 Nxd1 25.Rg1 Nxb2 0-1

[Event "XXIII Open Eporediese"]
[Site "Ivrea ITA"]
[Date "2006.02.23"]
[Round "5"]
[White "Razzano, Lorenzo"]
[Black "Chiarotto, Filippo"]
[Result "1/2-1/2"]
[WhiteElo "1766"]
[BlackElo "1880"]
[PlyCount "55"]
[EventDate "2006.01.19"]

1.d4 Nc6 2.d5 Ne5 3.e4 e6 4.dxe6 dxe6 5.Qxd8+ Kxd8 6.Bf4 Ng6 7.Bg3 e5 8.
Bc4 f6 9.Nd2 Bd6 10.Ne2 Ke7 11.O-O h5 12.f4 h4 13.fxe5 Bxe5 14.Bxe5 Nxe5 
15.h3 Bd7 16.Nf4 c6 17.Bb3 Kd6 18.Nc4+ Nxc4 19.Bxc4 Re8 20.Rad1+ Kc7 21.
Rfe1 g5 22.Ng6 Rh7 23.e5 fxe5 24.Rxe5 Rxe5 25.Nxe5 Nf6 26.Nxd7 Rxd7 27.
Rxd7+ Kxd7 28.Kf2 1/2-1/2

[Event "XXIII Open Eporediese"]
[Site "Ivrea ITA"]
[Date "2006.03.02"]
[Round "6"]
[White "Ranieri, Fabrizio"]
[Black "Giachino, Adriano"]
[Result "1-0"]
[WhiteElo "2248"]
[BlackElo "1553"]
[PlyCount "71"]
[EventDate "2006.01.19"]

1.e4 e5 2.d4 exd4 3.c3 c5 4.Nf3 Nc6 5.Bc4 Be7 6.O-O d6 7.cxd4 cxd4 8.Nxd4 
Ne5 9.Bb5+ Bd7 10.Bxd7+ Qxd7 11.Nf5 Nf6 12.Nxg7+ Kd8 13.Nc3 Rg8 14.Nf5 Rc8
15.f4 Ng6 16.Nxe7 Qxe7 17.e5 Nd7 18.exd6 Qh4 19.Be3 a6 20.Nd5 Rc6 21.f5 
Nge5 22.Ne7 Ng4 23.Nxc6+ bxc6 24.Bf4 Ngf6 25.Rc1 Nh5 26.Qf3 Nxf4 27.Qxf4 
Qxf4 28.Rxf4 Ne5 29.Re4 f6 30.Rxe5 fxe5 31.Rxc6 Kd7 32.Rxa6 Rf8 33.g4 h6 
34.Kg2 Re8 35.Kf3 e4+ 36.Ke3 1-0

[Event "XXIII Open Eporediese"]
[Site "Ivrea ITA"]
[Date "2006.03.02"]
[Round "6"]
[White "Razzano, Lorenzo"]
[Black "Berlier, Filippo"]
[Result "1-0"]
[WhiteElo "1766"]
[BlackElo "1356"]
[PlyCount "67"]
[EventDate "2006.01.19"]

1.Nf3 c5 2.b3 d5 3.Bb2 Nc6 4.g3 Nf6 5.Bg2 e6 6.d3 b5 7.O-O Be7 8.Nbd2 Ba6 
9.a4 b4 10.Re1 O-O 11.e4 d4 12.e5 Nd5 13.Nc4 Bxc4 14.dxc4 Nc7 15.Nd2 Qd7 
16.Qf3 Na5 17.Ne4 Ne8 18.Nxc5 Bxc5 19.Qxa8 d3 20.Rad1 d2 21.Re2 Nf6 22.Qf3
Ne8 23.Rexd2 Qe7 24.Rd7 Qg5 25.h4 Qg6 26.Bd4 Bxd4 27.R1xd4 Qxc2 28.Rf4 f6 
29.exf6 Nxf6 30.Rxa7 Nxb3 31.Qb7 Qg6 32.Bh3 Nc5 33.Qe7 Nfd7 34.Rxf8+ 1-0

[Event "XVII Weekend A"]
[Site "Campodarsego ITA"]
[Date "2006.01.20"]
[Round "1"]
[White "Allegranti, Luca"]
[Black "Naumkin, Igor"]
[Result "0-1"]
[WhiteElo "2034"]
[BlackElo "2456"]
[PlyCount "78"]
[EventDate "2006.01.20"]

1.d4 e6 2.Nf3 f5 3.g3 Nf6 4.Bg2 Be7 5.c4 O-O 6.O-O d6 7.Nc3 a5 8.Qc2 Nc6 
9.b3 Qe8 10.a3 e5 11.d5 Nb8 12.e3 Na6 13.Bb2 Qh5 14.Qd1 Bd7 15.Ne1 Qh6 16.
Nd3 e4 17.Nf4 Ng4 18.h3 Ne5 19.Rb1 g5 20.Qh5 Qxh5 21.Nxh5 Nf3+ 22.Bxf3 
exf3 23.Nb5 Nc5 24.Nd4 Be8 25.g4 fxg4 26.hxg4 Bd7 27.Nf5 Bxf5 28.gxf5 Rxf5
29.Ng3 Rf7 30.Bd4 Nd7 31.e4 Bf6 32.Be3 Re7 33.b4 axb4 34.axb4 h5 35.Nxh5 
Rxe4 36.Nxf6+ Nxf6 37.Rfc1 Kf7 38.Kf1 Rh4 39.Ke1 Ra2 0-1

[Event "XVII Weekend A"]
[Site "Campodarsego ITA"]
[Date "2006.01.20"]
[Round "1"]
[White "Cacco, Christian"]
[Black "Quaranta, Cristiano"]
[Result "1-0"]
[WhiteElo "2398"]
[BlackElo "2024"]
[PlyCount "101"]
[EventDate "2006.01.20"]

1.d4 d5 2.Nf3 Nf6 3.c4 dxc4 4.Nc3 c6 5.e3 Bg4 6.Bxc4 e6 7.h3 Bh5 8.O-O Be7
9.Be2 Nbd7 10.e4 Qc7 11.Bg5 h6 12.Be3 Bg6 13.Bd3 e5 14.dxe5 Nxe5 15.Nxe5 
Qxe5 16.f4 Qc7 17.Qf3 O-O-O 18.Rfd1 Qa5 19.f5 Bh7 20.Qf2 Nd7 21.a3 Bc5 22.
Bxc5 Qxc5 23.Qxc5 Nxc5 24.Bc4 f6 25.b4 Nd7 26.Be6 Bg8 27.Bxd7+ Rxd7 28.
Rxd7 Kxd7 29.Rd1+ Kc7 30.Kf2 Bb3 31.Rd3 Bc4 32.Rd4 b5 33.Nb1 Rd8 34.Rxd8 
Kxd8 35.Nd2 Bf7 36.Ke3 Kd7 37.Kd4 Kd6 38.Nf1 Bc4 39.Ne3 Be2 40.h4 a6 41.g4
h5 42.gxh5 Bxh5 43.Ng2 Bf7 44.Nf4 Bg8 45.Nh5 a5 46.Nxg7 c5+ 47.bxc5+ Kd7 
48.Ne6 Bxe6 49.fxe6+ Kxe6 50.h5 b4 51.axb4 1-0

[Event "XVII Weekend A"]
[Site "Campodarsego ITA"]
[Date "2006.01.20"]
[Round "1"]
[White "Dvirnyy, Danyyil"]
[Black "Giuriato, Sergio"]
[Result "1-0"]
[WhiteElo "2265"]
[BlackElo "1987"]
[PlyCount "97"]
[EventDate "2006.01.20"]

1.e4 Nc6 2.Nf3 e5 3.Bc4 Nf6 4.O-O Nxe4 5.Re1 d5 6.Bb5 Bc5 7.d4 exd4 8.Nbd2
O-O 9.Nxe4 dxe4 10.Rxe4 Qd5 11.Rh4 Bf5 12.c4 Qe6 13.Bxc6 Qxc6 14.Nxd4 Rad8
15.Be3 Bxd4 16.Rxd4 Qf6 17.Rxd8 Rxd8 18.Qb3 Qd6 19.h3 Be4 20.Bxa7 Qg6 21.
f3 Rd3 22.Qb5 Bc6 23.Qe5 Rxf3 24.Qxc7 h6 25.Qc8+ Kh7 26.Qg4 Rg3 27.Qxg6+ 
Kxg6 28.b4 Rxg2+ 29.Kf1 Rb2 30.b5 Bg2+ 31.Kg1 Bxh3 32.a4 Be6 33.c5 h5 34.
Bb8 h4 35.Be5 Rc2 36.Bd6 h3 37.Rf1 Rg2+ 38.Kh1 Bd5 39.Rg1 Kf5 40.Rxg2 
Bxg2+ 41.Kh2 Ke6 42.Bf8 g6 43.a5 Kd7 44.Kg1 Bd5 45.Kh2 Bg2 46.Bg7 Bf1 47.
a6 bxa6 48.c6+ Kc8 49.b6 1-0

[Event "XVII Weekend A"]
[Site "Campodarsego ITA"]
[Date "2006.01.20"]
[Round "1"]
[White "Giancotti, Eraldo"]
[Black "De Nardi, Riccardo"]
[Result "1/2-1/2"]
[WhiteElo "2068"]
[BlackElo "1933"]
[PlyCount "49"]
[EventDate "2006.01.20"]

1.d4 Nf6 2.Bg5 e6 3.e4 Be7 4.Bd3 d5 5.e5 Nfd7 6.Bxe7 Qxe7 7.Nc3 O-O 8.Qh5 
g6 9.Qh6 f6 10.Nf3 Qg7 11.Qe3 fxe5 12.Nxe5 Nxe5 13.Qxe5 Qxe5+ 14.dxe5 Nc6 
15.f3 Nxe5 16.Be2 a6 17.O-O-O Bd7 18.Rhe1 Nc6 19.h4 Kg7 20.h5 b5 21.Ne4 
Bc8 22.Nc5 Nd8 23.Bd3 Re8 24.hxg6 hxg6 25.Re5 1/2-1/2

[Event "XVII Weekend A"]
[Site "Campodarsego ITA"]
[Date "2006.01.20"]
[Round "1"]
[White "Mosconi, Ariel Oscar"]
[Black "Pomaro, Alberto"]
[Result "1-0"]
[WhiteElo "2156"]
[BlackElo "1980"]
[PlyCount "44"]
[EventDate "2006.01.20"]

1.e4 e6 2.d4 d5 3.Bd3 Nf6 4.Nd2 c5 5.c3 Nc6 6.Ngf3 Qb6 7.exd5 Nxd5 8.Nc4 
Qc7 9.O-O cxd4 10.cxd4 Be7 11.a3 Bf6 12.Be3 O-O 13.Rc1 Bd7 14.Qc2 g6 15.
Be4 Nce7 16.Qd2 Bb5 17.Nce5 Qd6 18.Rfe1 Rfc8 19.Rc5 Be8 20.Rec1 b6 21.Bxd5
exd5 22.R5c3 Nf5 1-0

[Event "XVII Weekend A"]
[Site "Campodarsego ITA"]
[Date "2006.01.20"]
[Round "1"]
[White "Omeri, Silvan"]
[Black "Roberti, Ignazio"]
[Result "0-1"]
[WhiteElo "2110"]
[BlackElo "1950"]
[PlyCount "62"]
[EventDate "2006.01.20"]

1.e4 c5 2.c3 Nf6 3.e5 Nd5 4.d4 cxd4 5.cxd4 e6 6.Nc3 Nxc3 7.bxc3 Nc6 8.Nf3 
d6 9.Bf4 a6 10.Bd3 Qc7 11.O-O dxe5 12.dxe5 Be7 13.a4 O-O 14.Re1 Bd7 15.Qc2
g6 16.Re4 Rac8 17.h4 Nb4 18.Rxb4 Bxb4 19.c4 b5 20.axb5 axb5 21.h5 bxc4 22.
Be4 f5 23.exf6 Qxf4 24.hxg6 hxg6 25.Ra7 Rcd8 26.Bc6 Qxf6 27.Bxd7 Ra8 28.
Rxa8 Rxa8 29.Bc6 Ra1+ 30.Kh2 Bd6+ 31.g3 Qh8+ 0-1

[Event "XVII Weekend A"]
[Site "Campodarsego ITA"]
[Date "2006.01.20"]
[Round "1"]
[White "Paggiaro, Luca"]
[Black "Bracaglia, Carlo"]
[Result "1/2-1/2"]
[WhiteElo "1985"]
[BlackElo "2162"]
[PlyCount "41"]
[EventDate "2006.01.20"]

1.e4 c6 2.d4 d5 3.Nc3 dxe4 4.Nxe4 Nf6 5.Ng3 h5 6.h4 Bg4 7.Be2 Qc7 8.Nf3 
Nbd7 9.c3 e6 10.Ng5 Bd6 11.N3e4 Bf4 12.Bxf4 Qxf4 13.Qd2 Qc7 14.Nxf6+ gxf6 
15.Ne4 O-O-O 16.Bxg4 hxg4 17.O-O-O Rh5 18.Kb1 Rdh8 19.g3 Ra5 20.c4 Rhh5 
21.Rhe1 1/2-1/2

[Event "XVII Weekend A"]
[Site "Campodarsego ITA"]
[Date "2006.01.20"]
[Round "1"]
[White "Pircher, Karl"]
[Black "Mukic, Josko"]
[Result "1-0"]
[WhiteElo "2018"]
[BlackElo "2329"]
[PlyCount "61"]
[EventDate "2006.01.20"]

1.d4 Nf6 2.c4 e5 3.dxe5 Ng4 4.Bf4 g5 5.Bg3 Bg7 6.Nf3 Nc6 7.Nc3 Ngxe5 8.
Nxe5 Nxe5 9.e4 h5 10.h4 g4 11.Qc2 d6 12.O-O-O b6 13.Kb1 Bd7 14.Bf4 a6 15.
Be3 O-O 16.Be2 Be6 17.Nd5 b5 18.c5 Rb8 19.Bg5 f6 20.Be3 Bf7 21.f4 Nc4 22.
Bd4 Re8 23.Nb4 Ra8 24.Rhe1 a5 25.Nd5 Bxd5 26.exd5 dxc5 27.Bxc5 Nd6 28.Qg6 
Ne4 29.Bxb5 Nd2+ 30.Ka1 Rxe1 31.Rxe1 1-0

[Event "XVII Weekend A"]
[Site "Campodarsego ITA"]
[Date "2006.01.20"]
[Round "1"]
[White "Sinato, Fabrizio"]
[Black "Xia, Jie"]
[Result "0-1"]
[WhiteElo "1942"]
[BlackElo "2109"]
[PlyCount "82"]
[EventDate "2006.01.20"]

1.e4 c5 2.Nf3 e6 3.d4 cxd4 4.Nxd4 a6 5.Bc4 b5 6.Bb3 Qc7 7.O-O Nf6 8.Qe2 
Bd6 9.Nf3 Nc6 10.c3 Bb7 11.Bg5 Ng4 12.h3 h5 13.Nbd2 f6 14.Be3 g5 15.Rfe1 
Nxe3 16.Qxe3 Bf4 17.Qe2 g4 18.Nd4 gxh3 19.Nxc6 Bh2+ 20.Kh1 hxg2+ 21.Kxg2 
Bxc6 22.Bd5 Bf4 23.Nf3 Rg8+ 24.Kh1 O-O-O 25.Bb3 Qb7 26.a4 f5 27.Nd4 Bxe4+ 
28.f3 Rg3 29.fxe4 Rh3+ 30.Kg2 Rh2+ 31.Kf3 Rxe2 32.Rxe2 Be5 33.axb5 axb5 
34.Ra5 Bxd4 35.cxd4 Qb6 36.Ra3 Qxd4 37.Ra8+ Kc7 38.Rc2+ Kd6 39.Rxd8 Qxe4+ 
40.Kf2 Qh4+ 41.Ke2 Qxd8 0-1

[Event "XVII Weekend A"]
[Site "Campodarsego ITA"]
[Date "2006.01.20"]
[Round "1"]
[White "Trangoni, Bruno"]
[Black "Gennari, Leone"]
[Result "1-0"]
[WhiteElo "1954"]
[BlackElo "2035"]
[PlyCount "55"]
[EventDate "2006.01.20"]

1.d4 g6 2.Nf3 Bg7 3.Nbd2 d5 4.e3 Bf5 5.Be2 Nf6 6.O-O O-O 7.c3 b6 8.Ne5 
Nfd7 9.Ndf3 Nxe5 10.Nxe5 f6 11.Nd3 e5 12.Qb3 Kh8 13.Re1 Bxd3 14.Bxd3 e4 
15.Be2 Qd6 16.Bd2 Rd8 17.c4 c6 18.Rac1 Nd7 19.cxd5 cxd5 20.Bb4 Qe6 21.Rc7 
Bf8 22.Rec1 h5 23.R1c6 Qf5 24.Qa3 Bxb4 25.Qxb4 Nf8 26.Rf7 Ne6 27.Qe7 Re8 
28.Rh7+ 1-0

[Event "XVII Weekend A"]
[Site "Campodarsego ITA"]
[Date "2006.01.20"]
[Round "1"]
[White "Zanirato, Stefano"]
[Black "Bonafede, Alessandro"]
[Result "1-0"]
[WhiteElo "1952"]
[BlackElo "2115"]
[PlyCount "97"]
[EventDate "2006.01.20"]

1.Nf3 f5 2.d3 Nf6 3.c3 d6 4.e4 fxe4 5.dxe4 Nc6 6.Qc2 Bg4 7.Be2 Qd7 8.b4 a6
9.h3 Bh5 10.Be3 e6 11.Nbd2 Be7 12.O-O O-O 13.a4 Qe8 14.Bd3 Nd7 15.Nd4 Nd8 
16.f4 c5 17.N4f3 cxb4 18.cxb4 Nc6 19.Qb3 Bf6 20.Rac1 Bf7 21.Qb1 Kh8 22.Nc4
Qe7 23.e5 dxe5 24.fxe5 Bh4 25.Nb6 Nxb6 26.Bxb6 Qxb4 27.Bc5 Qxb1 28.Rxb1 
Be7 29.Bxe7 Nxe7 30.Rxb7 Bg6 31.Bc4 Nf5 32.Bxe6 Ne3 33.Re1 Nc2 34.Rc1 Rxf3
35.gxf3 Nd4 36.Rc8+ Rxc8 37.Bxc8 Nxf3+ 38.Kf2 Nxe5 39.Rb8 h5 40.Bf5+ Kh7 
41.Bxg6+ Nxg6 42.Ra8 h4 43.Kf3 Ne5+ 44.Ke4 Nf7 45.Kf4 g5+ 46.Kf5 Nd6+ 47.
Kxg5 Ne4+ 48.Kxh4 Nc5 49.a5 1-0

[Event "XVII Weekend A"]
[Site "Campodarsego ITA"]
[Date "2006.01.21"]
[Round "2"]
[White "Bonafede, Alessandro"]
[Black "Sinato, Fabrizio"]
[Result "1-0"]
[WhiteElo "2115"]
[BlackElo "1942"]
[PlyCount "49"]
[EventDate "2006.01.20"]

1.e4 c5 2.Nf3 d6 3.d4 cxd4 4.Nxd4 Nf6 5.Nc3 a6 6.Bg5 e6 7.f4 Be7 8.Qf3 Qc7
9.O-O-O b5 10.Bxf6 gxf6 11.e5 Bb7 12.Qh5 b4 13.Nxe6 Qa5 14.Ng7+ Kf8 15.Bc4
d5 16.Nxd5 Qc5 17.exf6 Nc6 18.fxe7+ Nxe7 19.Nxe7 Qxc4 20.Ngf5 Qxa2 21.Qh6+
Ke8 22.Nd6+ Kxe7 23.Rhe1+ Kd7 24.Nxb7+ Kc7 25.Re7+ 1-0

[Event "XVII Weekend A"]
[Site "Campodarsego ITA"]
[Date "2006.01.21"]
[Round "2"]
[White "Bracaglia, Carlo"]
[Black "Giancotti, Eraldo"]
[Result "1-0"]
[WhiteElo "2162"]
[BlackElo "2068"]
[PlyCount "67"]
[EventDate "2006.01.20"]

1.e4 d6 2.d4 Nf6 3.Nc3 c6 4.Bd3 e5 5.Nf3 Bg4 6.Be3 Nbd7 7.h3 Bxf3 8.Qxf3 
Be7 9.O-O O-O 10.Rad1 b5 11.Ne2 Qc7 12.Ng3 g6 13.c3 Rfe8 14.Bg5 Qb6 15.Bc2
Rac8 16.Bb3 a5 17.dxe5 Nxe5 18.Qf4 Qd8 19.Qh4 a4 20.Bc2 Nd5 21.Bxe7 Nxe7 
22.Qf6 Nc4 23.b3 Na3 24.Rxd6 Qb6 25.Bd3 Rc7 26.h4 Kf8 27.Qh8+ Ng8 28.Qxh7 
Qc5 29.Rxg6 fxg6 30.Qxc7 axb3 31.axb3 Qxc3 32.Qd6+ Ne7 33.e5 c5 34.Bxg6 
1-0

[Event "XVII Weekend A"]
[Site "Campodarsego ITA"]
[Date "2006.01.21"]
[Round "2"]
[White "De Nardi, Riccardo"]
[Black "Paggiaro, Luca"]
[Result "1/2-1/2"]
[WhiteElo "1933"]
[BlackElo "1985"]
[PlyCount "25"]
[EventDate "2006.01.20"]

1.e4 e5 2.Nf3 d6 3.Bc4 Be7 4.d4 exd4 5.Nxd4 Nf6 6.Nc3 O-O 7.O-O a6 8.a4 
Nbd7 9.f4 Nc5 10.Re1 Bg4 11.Be2 Bxe2 12.Qxe2 c6 13.Kh1 1/2-1/2

[Event "XVII Weekend A"]
[Site "Campodarsego ITA"]
[Date "2006.01.21"]
[Round "2"]
[White "Gennari, Leone"]
[Black "Alviti, Claudio"]
[Result "1-0"]
[WhiteElo "2035"]
[BlackElo "1808"]
[PlyCount "135"]
[EventDate "2006.01.20"]

1.d4 Nf6 2.c4 g6 3.Nc3 Bg7 4.e4 d6 5.f3 O-O 6.Be3 e5 7.d5 c6 8.Qd2 cxd5 9.
cxd5 a6 10.h4 h5 11.Be2 b5 12.a3 Nbd7 13.Nh3 Nb6 14.b3 Bxh3 15.Rxh3 Rc8 
16.Rc1 Nbd7 17.Rh1 Qa5 18.Qb2 Qd8 19.Kf2 Nc5 20.g3 Kh7 21.b4 Ncd7 22.Qd2 
Nb6 23.Nb1 Nbd7 24.Rxc8 Qxc8 25.Rc1 Qb7 26.Rc6 Nb8 27.Rc3 Rc8 28.Qc1 Rxc3 
29.Qxc3 Bh6 30.Bxh6 Kxh6 31.Nd2 Qb6+ 32.Qe3+ Qxe3+ 33.Kxe3 Ne8 34.f4 f6 
35.Nf3 Nd7 36.Bf1 Nb6 37.fxe5 fxe5 38.Ng5 Na4 39.Bh3 Nb6 40.Kd3 Kg7 41.
Ne6+ Kf6 42.Nd8 Nc4 43.Nc6 Nxa3 44.Bc8 Nc7 45.Nb8 Ke7 46.Nxa6 Ne8 47.Nb8 
Nc4 48.Bd7 Nc7 49.Bh3 Ne8 50.Nc6+ Kf6 51.Nd8 g5 52.Bd7 Nc7 53.Nc6 gxh4 54.
gxh4 Nb2+ 55.Kc2 Nc4 56.Kd3 Nb2+ 57.Ke2 Nc4 58.Na7 Ke7 59.Bc6 Na3 60.Kd3 
Na6 61.Kc3 Nb1+ 62.Kb2 Nd2 63.Nc8+ Kf6 64.Nxd6 Nf3 65.Bxb5 Nc7 66.Be2 Nxh4
67.Bxh5 Na6 68.Kc3 1-0

[Event "XVII Weekend A"]
[Site "Campodarsego ITA"]
[Date "2006.01.21"]
[Round "2"]
[White "Giuriato, Sergio"]
[Black "Allegranti, Luca"]
[Result "1/2-1/2"]
[WhiteElo "1987"]
[BlackElo "2034"]
[PlyCount "53"]
[EventDate "2006.01.20"]

1.d4 f5 2.Nf3 Nf6 3.g3 g6 4.Bg2 Bg7 5.O-O O-O 6.c4 d6 7.Nc3 Qe8 8.d5 a5 9.
Rb1 Na6 10.Nd4 Bd7 11.b3 c6 12.e4 fxe4 13.Nxe4 Nxe4 14.Bxe4 Nc7 15.Be3 c5 
16.Ne2 b5 17.Qd2 Bh3 18.Rfe1 Qf7 19.Nf4 Bd7 20.Ne6 Nxe6 21.dxe6 Bxe6 22.
Bxa8 Rxa8 23.cxb5 Bd5 24.f4 Qf5 25.h3 Bc3 26.Qh2 Bxe1 27.Rxe1 1/2-1/2

[Event "XVII Weekend A"]
[Site "Campodarsego ITA"]
[Date "2006.01.21"]
[Round "2"]
[White "Mukic, Josko"]
[Black "Lavric, Mihail"]
[Result "1-0"]
[WhiteElo "2329"]
[BlackElo "1996"]
[PlyCount "49"]
[EventDate "2006.01.20"]

1.f4 Nf6 2.Nf3 d5 3.e3 e6 4.b3 Be7 5.Bb2 O-O 6.Bd3 b6 7.O-O Ba6 8.Bxa6 
Nxa6 9.Ne5 Nb8 10.c4 c6 11.cxd5 cxd5 12.Na3 a6 13.Nc2 b5 14.Nd4 Qb6 15.Rc1
Ne4 16.d3 Nf6 17.Rf3 a5 18.Rg3 a4 19.Nec6 Nxc6 20.Nxc6 Qb7 21.Nxe7+ Qxe7 
22.Rxg7+ Kh8 23.Rc7 Qd8 24.Rgxf7 Kg8 25.Qg4+ 1-0

[Event "XVII Weekend A"]
[Site "Campodarsego ITA"]
[Date "2006.01.21"]
[Round "2"]
[White "Naumkin, Igor"]
[Black "Pircher, Karl"]
[Result "1-0"]
[WhiteElo "2456"]
[BlackElo "2018"]
[PlyCount "43"]
[EventDate "2006.01.20"]

1.d4 Nf6 2.c4 g6 3.Nc3 Bg7 4.e4 d6 5.Nf3 O-O 6.Be2 e5 7.d5 a5 8.Bg5 h6 9.
Bh4 Na6 10.O-O Nc5 11.Nd2 Bd7 12.Qc2 Qe8 13.b3 Nh7 14.a3 f5 15.f3 g5 16.
Bf2 f4 17.b4 Na4 18.Nb5 Bxb5 19.cxb5 axb4 20.axb4 Nb6 21.Qxc7 Rxa1 22.Rxa1
1-0

[Event "XVII Weekend A"]
[Site "Campodarsego ITA"]
[Date "2006.01.21"]
[Round "2"]
[White "Quaranta, Cristiano"]
[Black "Omeri, Silvan"]
[Result "1-0"]
[WhiteElo "2024"]
[BlackElo "2110"]
[PlyCount "105"]
[EventDate "2006.01.20"]

1.d4 Nf6 2.Nf3 g6 3.Bg5 Bg7 4.Nbd2 d5 5.e3 O-O 6.Bd3 Nc6 7.c3 Re8 8.Ne5 
Nxe5 9.dxe5 Ng4 10.f4 Nxe3 11.Qf3 Nf5 12.g4 Nh6 13.f5 f6 14.Bxh6 Bxh6 15.
e6 Qd6 16.O-O-O Bxe6 17.fxe6 Qxe6 18.Rhe1 Qf7 19.Kb1 e5 20.Bc2 e4 21.Qh3 
Bxd2 22.Rxd2 c5 23.c4 d4 24.Bxe4 Qxc4 25.Qf3 Kg7 26.Rc1 Qb4 27.Rf2 Rf8 28.
Rfc2 Rac8 29.Bxb7 Rb8 30.Bd5 Rfe8 31.Qb3 Re3 32.Qxb4 cxb4 33.Rd1 a5 34.
Rxd4 Rd8 35.Rcd2 Kh6 36.R4d3 Re1+ 37.Kc2 Kg5 38.Kb3 Rde8 39.h3 R1e3 40.Ka4
Kh4 41.Bg2 Rxd3 42.Rxd3 Re2 43.Bd5 Rxb2 44.Kxa5 h5 45.gxh5 gxh5 46.Bb3 f5 
47.Kxb4 Rf2 48.a4 f4 49.Bd5 Rb2+ 50.Kc5 Re2 51.a5 Rc2+ 52.Kd4 Rc7 53.a6 
1-0

[Event "XVII Weekend A"]
[Site "Campodarsego ITA"]
[Date "2006.01.21"]
[Round "2"]
[White "Ribon, Andrea"]
[Black "Mosconi, Ariel Oscar"]
[Result "0-1"]
[WhiteElo "1858"]
[BlackElo "2156"]
[PlyCount "112"]
[EventDate "2006.01.20"]

1.c4 e5 2.Nc3 Nc6 3.g3 d6 4.Bg2 f5 5.e3 Nf6 6.Nge2 g6 7.d4 Bg7 8.O-O O-O 
9.b3 Rb8 10.Bb2 h6 11.dxe5 Nxe5 12.Qc2 Bd7 13.Rad1 a6 14.Nf4 g5 15.Nfd5 
Ne8 16.Ne2 c6 17.Ndc3 Qe7 18.Ba3 Kh8 19.Bb2 Rd8 20.Na4 Nc7 21.c5 d5 22.Nb6
Be8 23.Nd4 Bg6 24.Qc1 Qf7 25.Nf3 Ng4 26.Bxg7+ Qxg7 27.h3 Nf6 28.Qc3 Ne6 
29.Na4 Ne4 30.Qxg7+ Kxg7 31.Nd4 Nc7 32.Kh2 Rde8 33.f3 Nf6 34.Rde1 Re7 35.
Re2 Rfe8 36.Rfe1 Nd7 37.e4 fxe4 38.fxe4 dxe4 39.b4 Nd5 40.a3 N7f6 41.g4 
Nf4 42.Ra2 Re5 43.Nb6 Nd3 44.Rf1 e3 45.Ne2 Bf7 46.Rc2 h5 47.Bf3 h4 48.Nc4 
Bxc4 49.Rxc4 Nd5 50.Rd4 N3f4 51.Rfd1 Nxe2 52.Bxe2 Rf8 53.Bc4 Rf4 54.Rxf4 
gxf4 55.Kg2 e2 56.Re1 Ne3+ 0-1

[Event "XVII Weekend A"]
[Site "Campodarsego ITA"]
[Date "2006.01.21"]
[Round "2"]
[White "Roberti, Ignazio"]
[Black "Dvirnyy, Danyyil"]
[Result "0-1"]
[WhiteElo "1950"]
[BlackElo "2265"]
[PlyCount "122"]
[EventDate "2006.01.20"]

1.e4 c5 2.Nf3 Nc6 3.b3 d6 4.Bb2 Nf6 5.d3 g6 6.Nbd2 Bg7 7.Be2 O-O 8.O-O Re8
9.a4 b6 10.Nc4 Bb7 11.Ne3 Qc7 12.Re1 Rad8 13.Bf1 e6 14.Rb1 a6 15.g3 d5 16.
exd5 Nxd5 17.Nxd5 Rxd5 18.Bxg7 Kxg7 19.Bg2 Rd7 20.h4 h6 21.Qd2 Nd4 22.Nxd4
cxd4 23.Bxb7 Qxb7 24.c4 dxc3 25.Qxc3+ Kh7 26.Rbc1 Red8 27.Re3 Qd5 28.Qb4 
Qd4 29.Qxd4 Rxd4 30.Rc6 R8d6 31.Rxd6 Rxd6 32.Kf1 Rd4 33.Re4 Rxd3 34.Rb4 
Rd6 35.Ke2 Kg7 36.Ke3 Kf6 37.Ke4 Ke7 38.f3 f5+ 39.Kf4 Kf6 40.Ke3 e5 41.Rc4
Ke6 42.Rc8 h5 43.Re8+ Kd5 44.Kd3 Re6 45.Rc8 f4 46.Rc1 e4+ 47.fxe4+ Rxe4 
48.gxf4 Rxf4 49.Rg1 Rg4 50.Rf1 Rxh4 51.Rf6 Rh3+ 52.Kc2 Rg3 53.Rxb6 h4 54.
Rxa6 h3 55.Ra8 g5 56.a5 Kc6 57.Kb2 g4 58.Ka3 h2 59.Ra6+ Kb7 60.Rb6+ Ka7 
61.Kb4 h1=Q 0-1

[Event "XVII Weekend A"]
[Site "Campodarsego ITA"]
[Date "2006.01.21"]
[Round "2"]
[White "Xia, Jie"]
[Black "Trangoni, Bruno"]
[Result "1-0"]
[WhiteElo "2109"]
[BlackElo "1954"]
[PlyCount "63"]
[EventDate "2006.01.20"]

1.e4 g6 2.d4 Bg7 3.Nc3 c6 4.Be3 d5 5.f3 dxe4 6.Bc4 Qb6 7.Qd2 Qxb2 8.Rb1 
Qa3 9.fxe4 Qa5 10.Nf3 b5 11.Bb3 Nf6 12.e5 b4 13.Ne2 Ne4 14.Qc1 Ba6 15.Ng5 
Nxg5 16.Bxg5 Bxe2 17.Qf4 e6 18.Kxe2 c5 19.d5 Qa6+ 20.Bc4 Bxe5 21.Bxa6 Bxf4
22.Bb5+ Nd7 23.Bxd7+ Kxd7 24.dxe6+ Kxe6 25.Bxf4 Rhe8 26.Rbd1 Kf5+ 27.Kf3 
Rad8 28.h4 h5 29.Rhe1 Rxe1 30.Rxe1 Rd4 31.Re5+ Kf6 32.Rxc5 1-0

[Event "XVII Weekend A"]
[Site "Campodarsego ITA"]
[Date "2006.01.21"]
[Round "2"]
[White "Zanirato, Stefano"]
[Black "Cacco, Christian"]
[Result "0-1"]
[WhiteElo "1952"]
[BlackElo "2398"]
[PlyCount "108"]
[EventDate "2006.01.20"]

1.Nf3 g6 2.e4 Bg7 3.d4 d6 4.c3 Nf6 5.Qc2 Nc6 6.d5 Nb8 7.Be2 O-O 8.O-O c6 
9.Rd1 cxd5 10.exd5 Bf5 11.Bd3 Bg4 12.Be2 Nbd7 13.Be3 Qc7 14.h3 Bf5 15.Bd3 
Nxd5 16.Bxf5 Nxe3 17.fxe3 gxf5 18.Qxf5 Nf6 19.Nd4 Qc5 20.Qxc5 dxc5 21.Nf5 
e6 22.Nxg7 Kxg7 23.Na3 Rfd8 24.Nc4 Rd5 25.Rxd5 Nxd5 26.e4 Nf6 27.e5 Nd5 
28.Rf1 Rd8 29.Rf3 f6 30.exf6+ Nxf6 31.a4 Rd5 32.Re3 Kf7 33.Na5 Rd7 34.Nc4 
Ke7 35.g4 Rd1+ 36.Kf2 b6 37.Re2 Ra1 38.Na3 Nd5 39.Re5 Kf6 40.Re4 Ra2 41.
Nc4 Rxa4 42.Kf3 h6 43.h4 a5 44.b3 Ra1 45.g5+ hxg5 46.hxg5+ Ke7 47.Rg4 Rc1 
48.g6 Rxc3+ 49.Ke2 Kf8 50.Nd6 Rxb3 51.g7+ Kg8 52.Nf7 Rh3 53.Ng5 Rh6 54.Kd2
Rg6 0-1

[Event "XVII Weekend A"]
[Site "Campodarsego ITA"]
[Date "2006.01.21"]
[Round "3"]
[White "Allegranti, Luca"]
[Black "Omeri, Silvan"]
[Result "1-0"]
[WhiteElo "2034"]
[BlackElo "2110"]
[PlyCount "118"]
[EventDate "2006.01.20"]

1.d4 Nf6 2.Bg5 Ne4 3.Bf4 d5 4.f3 Nd6 5.e3 Bf5 6.Nc3 c6 7.Bd3 Bxd3 8.Qxd3 
e6 9.Nge2 Be7 10.O-O O-O 11.e4 a5 12.e5 Nf5 13.Nd1 c5 14.c3 Nc6 15.g4 Nh4 
16.a3 Ng6 17.Bg3 Qb6 18.f4 cxd4 19.Bf2 Qa6 20.Qxa6 Rxa6 21.Bxd4 Nxd4 22.
cxd4 Rc8 23.Ndc3 Rb6 24.Na4 Rbc6 25.Nac3 Rc4 26.Rac1 Nf8 27.Nb5 Nd7 28.
Rxc4 Rxc4 29.Nec3 Nb6 30.b3 Rc6 31.a4 Nc8 32.Rc1 Bd8 33.Kf2 Bb6 34.Ke3 f6 
35.Kd3 fxe5 36.dxe5 Bc5 37.Nd4 Bxd4 38.Kxd4 Ne7 39.Ne2 b6 40.f5 Rxc1 41.
Nxc1 Nc6+ 42.Ke3 Nxe5 43.fxe6 Nc6 44.Ne2 Kf8 45.Nd4 Ne5 46.Kf4 Nd3+ 47.Kf5
Ke7 48.Nc6+ Kd6 49.e7 Kd7 50.Ne5+ Nxe5 51.Kxe5 Kxe7 52.Kxd5 Kd7 53.h4 g6 
54.g5 Kc7 55.Ke6 Kc6 56.Kf7 Kc5 57.Kg7 Kb4 58.Kxh7 Kxb3 59.Kxg6 Kxa4 1-0